Remember and do not Forget/ (Record no. 216680)

MARC details
000 -LEADER
fixed length control field 00723nam a22002057a 4500
005 - DATE AND TIME OF LATEST TRANSACTION
control field 20260616112311.0
010 ## - LCCN (DPL NO)
LC control number ENG-148859
020 ## - INTERNATIONAL STANDARD BOOK NUMBER
Terms of availability 400.00
International Standard Book Number 9788119664894
035 ## - SYSTEM CONTROL NUMBER
System control number EN-132391
037 ## - SOURCE OF ACQUISITION
Source of stock number/acquisition DBAD
082 ## - DEWEY DECIMAL CLASSIFICATION NUMBER
Classification number 956.94
Edition number 1
100 ## - MAIN ENTRY--PERSONAL NAME
Personal name Parackal, Manoj Thomas
245 ## - TITLE STATEMENT
Title Remember and do not Forget/
Statement of responsibility, etc Manoj Thomas Parackal
250 ## - EDITION STATEMENT
Edition statement 1
260 ## - PUBLICATION, DISTRIBUTION, ETC. (IMPRINT)
Name of publisher, distributor, etc ATC Publishers
Place of publication, distribution, etc Bengaluru
Date of publication, distribution, etc 2024
270 ## - ADDRESS
Address St's Mary Block, Archdiocesan,Pastoral Center,#5, Nandidurga Road,Benson Town
City Bengaluru
Postal code 560046
Telephone number +918025491999
-- 7090100444
Electronic mail address info@atcpublishers.com
300 ## - PHYSICAL DESCRIPTION
Extent 275p.
Dimensions 22cm(pb)
500 ## - GENERAL NOTE
General note God's Command to Israel in the Book of Deuteroomy
942 ## - ADDED ENTRY ELEMENTS (KOHA)
Source of classification or shelving scheme Dewey Decimal Classification
Item type English Books
Classification part 956.94
Call number suffix PAR
Holdings
Withdrawn status Lost status Not for loan Collection code Home library Current library Date acquired Source of acquisition Cost, normal purchase price Full call number Barcode Copy number Cost, replacement price Koha item type
    Not For Loan Non-fiction D.B.Act.Division D.B.Act.Division 16/06/2026 Delivery of Books Act Division 400.00 956.94 PAR EN-132391 1 400.00 English Books

© Delhi Public Library
Hit Counter
free hit counter